| 000 | 00469nam a2200169 a 4500 | ||
|---|---|---|---|
| 001 | 4110 | ||
| 005 | 20140414132018.0 | ||
| 008 | 090202s19uu xx 00 eng d | ||
| 020 | _a0-7868-3746-2 | ||
| 050 |
_aTR _bD65 2006 |
||
| 100 | _aWillems, Mo | ||
| 245 |
_aDon't let the pigeon stay up late! / _cwords and pictures by Mo Willems. |
||
| 260 |
_aNew York : _bScholastic, _cc2006. |
||
| 300 | _a1 v. (unpaged) : col., ill. ; | ||
| 999 |
_c113406 _d113406 |
||